[Event "SVK-ch qf 39th corr"]
[Site "Slovakia"]
[Date "2005.??.??"]
[Round "?"]
[White "Hliva, Roman"]
[Black "Chripko, Lubomir"]
[Result "1/2-1/2"]
[WhiteElo "2070"]
[BlackElo "1700"]
[PlyCount "46"]
[EventDate "2005.11.15"]
[EventType "tourn (corr)"]
[EventRounds "6"]
[EventCountry "SVK"]
[SourceTitle "Corr 2008"]
[Source "ChessBase"]
[SourceDate "2008.06.24"]
[SourceVersion "1"]
[SourceVersionDate "2008.06.24"]
[SourceQuality "1"]

1. Nf3 d5 2. d4 Nf6 3. c4 e6 4. Nc3 Be7 5. cxd5 exd5 6. Bg5 c6 7. e3 Bf5 8. Bxf6 Bxf6 9. Bd3 Bxd3 10. Qxd3 0-0 11. 0-0 Na6 12. a3 Nc7 13. Rfc1 a6 14. b4 Nb5 15. a4 Nxc3 16. Qxc3 Qd7 17. Qb2 Rfc8 18. Rab1 Be7 19. Ne5 Qc7 20. Nd3 Bd6 21. g3 Qe7 22. Qd2 Qe8 23. Qd1 g6 1/2-1/2

[Event "SVK-ch qf 39th corr"]
[Site "Slovakia"]
[Date "2005.??.??"]
[Round "?"]
[White "Hliva, Roman"]
[Black "Krakovsky, Peter"]
[Result "1/2-1/2"]
[WhiteElo "2070"]
[BlackElo "2010"]
[PlyCount "68"]
[EventDate "2005.11.15"]
[EventType "tourn (corr)"]
[EventRounds "6"]
[EventCountry "SVK"]
[SourceTitle "Corr 2008"]
[Source "ChessBase"]
[SourceDate "2008.06.24"]
[SourceVersion "1"]
[SourceVersionDate "2008.06.24"]
[SourceQuality "1"]

1. Nf3 d5 2. d4 Nf6 3. c4 e6 4. Nc3 c6 5. cxd5 exd5 6. Bg5 Bf5 7. a3 Nbd7 8. e3 Bd6 9. Bd3 Bxd3 10. Qxd3 0-0 11. 0-0 h6 12. Bh4 Qe8 13. Bxf6 Nxf6 14. b4 Ne4 15. b5 Nxc3 16. Qxc3 cxb5 17. Qb3 Qe6 18. Qxb5 a6 19. Qd3 b5 20. a4 b4 21. Nd2 Rac8 22. Rac1 Be7 23. Nb3 Rc4 24. Na5 Rxc1 25. Rxc1 Rc8 26. Rxc8+ Qxc8 27. g3 Bd8 28. Nb3 Qc4 29. Qb1 a5 30. Qa2 g6 31. h3 Kg7 32. Kg2 Bb6 33. Qb1 h5 34. Nd2 Qc3 1/2-1/2

[Event "SVK-ch qf 39th corr"]
[Site "Slovakia"]
[Date "2005.??.??"]
[Round "?"]
[White "Valovic, Stefan"]
[Black "Hliva, Roman"]
[Result "1/2-1/2"]
[WhiteElo "2044"]
[BlackElo "2070"]
[PlyCount "33"]
[EventDate "2005.11.15"]
[EventType "tourn (corr)"]
[EventRounds "6"]
[EventCountry "SVK"]
[SourceTitle "Corr 2008"]
[Source "ChessBase"]
[SourceDate "2008.06.24"]
[SourceVersion "1"]
[SourceVersionDate "2008.06.24"]
[SourceQuality "1"]

1. d4 Nf6 2. Bg5 d5 3. Nf3 Ne4 4. Bf4 Bf5 5. Nbd2 e6 6. e3 Bd6 7. Bxd6 cxd6 8. Bb5+ Nc6 9. Nxe4 Bxe4 10. Nd2 0-0 11. Nxe4 dxe4 12. Bxc6 bxc6 13. 0-0 Qh4 14. c4 a5 15. Qa4 Rfc8 16. Qa3 Rd8 17. Rfd1 1/2-1/2